| 000 | 00633nam a22002057a 4500 | ||
|---|---|---|---|
| 003 | OSt | ||
| 005 | 20260630094606.0 | ||
| 008 | 260630b |||||||| |||| 00| 0 eng d | ||
| 020 | _a139781934355442 | ||
| 040 | _cCHUKA UNIVERSITY LIBRARY | ||
| 050 | _aLB 3013.3 .C67 2019 | ||
| 100 |
_aCOSTELLO BOB,WACHTEL,WACHTEL TED _931910 |
||
| 245 |
_aRESTORATIVE CIRCLES IN SCHOOLS _bA practical Guide for educators |
||
| 250 | _a2ED. | ||
| 260 |
_aUSA _bBBINTERNATIONAL INSTITUTE FOR RESSTORATIVE PRACTICES _c2019 |
||
| 300 | _a132P | ||
| 650 |
_aSCHOOL DISCIPLINE _917195 |
||
| 650 |
_aCLASSROOM MANAGEMENT _911400 |
||
| 942 |
_2lcc _cBK _n0 |
||
| 999 |
_c25554 _d25554 |
||